000 00517nam a2200193Ia 4500
005 20250508164608.0
008 008 250505s9999 xx 000 0 eng d
037 _aTextual
040 _aFEDL
_beng
_cFEDL
041 _aeng
_2eng
084 _a372.642, WRI
_qFEDL
100 _aWright Andrew
245 0 _aStorytelling with children
260 _aOxford, UK
_bOxford University Press
_c1995
300 _a222p.
546 _aMACESE
942 _cTEXL
_h372.642, WRI
999 _c1390033
_d1390033